000 00419nam a22001217a 4500
082 _a200 THE
100 _aMUHAMMAD RAEES FURQUAN AZHAR
_969662
245 _aTH-SOF-1600-LOWER ORDER CONTROLLER DESIGN USING FREQUENCY WEIGHTED MODEL ORDER REDUCTION TECHNIQUES
260 _aISLAMABAD
_bNUST COLLEGE OF EME
_c2018
650 _aMS-ELECT-83 MSTHESIS
_969663
700 _aSUPERVISOR DR MUWAHIDA LIAQAT
_969664
942 _cCF
999 _c576852
_d576852